Volg de kusten van Europa - met kaart - Statistieken

Algemene statistieken
  • Deze quiz is 131 keer genomen
  • De gemiddelde score is 23 van 39
Antwoorden op de kaart
Antwoorden kleurgecodeerd door een groen-rode schaal op de quizkaart volgens % correct hieronder.
 
Antwoordstatistieken
Country % Correct
Rusland
100%
Noorwegen
74%
Finland
73%
Zweden
73%
Rusland
66%
België
65%
Denemarken
65%
Duitsland
65%
Duitsland
65%
Estland
65%
Frankrijk
65%
Letland
65%
Nederland
65%
Polen
65%
Portugal
65%
Rusland
65%
Spanje
65%
Spanje
65%
Litouwen
63%
Albanië
55%
Frankrijk
55%
Italië
55%
Kroatië
55%
Slovenië
55%
Bosnië en Herzegovina
53%
Frankrijk
53%
Griekenland
53%
Monaco
53%
Spanje
53%
Montenegro
52%
Gibraltar
48%
Turkije
48%
Bulgarije
47%
Kroatië
47%
Roemenië
45%
Oekraïne
42%
Rusland
40%
Rusland
39%
Oekraïne
37%
Geen overeenkomende quizzen gevonden
Scoreverdeling
Procent van Mensen met Elke Score
Percentiel versus Aantal Correcte Antwoorden
Uw Scoregeschiedenis
U heeft deze quiz nog niet genomen